000 00710nam a2200217 a 4500
001 BRCA_929
005 20190320203217.0
008 931015s1992 sp-a---##b---#001-0#spa-#
020 _a8486474167
040 _aDLC
_cDLC
050 4 _aNK7210
_b.E88 1992
100 1 _aEsteras Martín, Cristina
_93068
245 1 0 _aMarcas de platería hispanoamericana
_bsiglos XVI-XX
_cCristina Esteras Martín.
260 _aMadrid, España
_bTuero
_c1992
300 _a197 p.
_bil. (algunas a color)
_c22 cm.
440 0 _aColección Investigación y crítica
_93069
500 _aIncluye índice onomástico
504 _aBibliografía: p. 185-189
650 1 4 _aMarcas del contraste
_zAmérica Latina
_92787
942 _2lcc
_cB
999 _c818
_d818